Soutěžně-právní aspekty spolupráce a výměny informací v rámci sdružení podnikatelů

Pojem „zakázané dohody podľa súťažného práva“. Spolupráca podnikov v rámci asociácií. Výnimky zo zakázanej spolupráce a ich hranice. Výmena informácií v rámci asociácie poisťovní, zhodnotenie dopadu Horizontálnych pokynov. Rozhodovacia prax v odvetví poisťovníctva. Reorganizácia európskych kontrolný...

Full description

Saved in:
Bibliographic Details
Main Author: Janda, Ivo
Format: Book Chapter
Language:Czech
Subjects:
Tags: Add Tag
No Tags, Be the first to tag this record!

MARC

LEADER 00000nla a2200000 4500
001 0240939
005 20240417075132.6
041 0 |a cze 
044 |a CZ 
245 1 0 |a Soutěžně-právní aspekty spolupráce a výměny informací v rámci sdružení podnikatelů  |c Ivo Janda 
520 |a Pojem „zakázané dohody podľa súťažného práva“. Spolupráca podnikov v rámci asociácií. Výnimky zo zakázanej spolupráce a ich hranice. Výmena informácií v rámci asociácie poisťovní, zhodnotenie dopadu Horizontálnych pokynov. Rozhodovacia prax v odvetví poisťovníctva. Reorganizácia európskych kontrolných orgánov. 
610 2 0 |a poisťovníctvo 
610 2 0 |a poisťovne 
610 2 0 |a asociácie 
610 2 0 |a právo súťažné 
610 2 0 |a konkurencia 
610 2 0 |a spolupráca podnikov 
610 2 0 |a výmena informácií 
610 2 0 |a legislatíva 
610 2 0 |a Česko 
100 1 |a Janda, Ivo